000 002940000a22000970004500
100 1 _aLunt, Robert
245 1 0 _aReestructuración de los acontecimientos narrados en Ester 9.15-19
300 _aVol. 7, Num 2 (II Semestre, 1997), Páginas 22-24
773 0 _tTraducción de la Biblia
942 _cANA
999 _c52704
_d52704